| 000 | 00653nam a2200229 i 4500 | ||
|---|---|---|---|
| 001 | 14405 | ||
| 003 | ES-MaACL | ||
| 005 | 20231230062951.0 | ||
| 007 | t| | ||
| 008 | 891110s1998 sp d 00100 spa | ||
| 020 | _a84-249-1973-4 | ||
| 080 | _a(038)=134.2 | ||
| 100 | 1 |
_aMoliner, María, _d1900-1981 _981987 |
|
| 245 | 1 | 0 |
_aDiccionario de uso del español / _cMaría Moliner. |
| 250 | _a2ª ed., 1ª reimp. | ||
| 260 |
_aMadrid : _bGredos, _c1998. |
||
| 300 |
_a2 v. ; _c26 cm. |
||
| 505 | 8 | _aContiene: 1. A-H - 2. I-Z | |
| 650 | 1 | 4 |
_aLengua española- _vDiccionarios. _914137 |
| 852 | 4 |
_aES-MaACL _jL-29608-09 |
|
| 999 |
_c14405 _d14405 |
||